مجموعہءمقالات "بین الاقوامی فکراقبال سمینار" ;Majmoa-e-Makalat International Seminar on Iqbal Studies (Record no. 342587)

000 -LEADER
fixed length control field nam a22 7a 4500
003 - CONTROL NUMBER IDENTIFIER
control field NUST
005 - DATE AND TIME OF LATEST TRANSACTION
control field 20180109094429.0
008 - FIXED-LENGTH DATA ELEMENTS--GENERAL INFORMATION
fixed length control field 180109b xxu||||| |||| 00| 0 eng d
040 ## - CATALOGING SOURCE
Transcribing agency 0
082 ## - DEWEY DECIMAL CLASSIFICATION NUMBER
Classification number 891.439 SAJ
245 ## - TITLE STATEMENT
Title مجموعہءمقالات "بین الاقوامی فکراقبال سمینار" ;Majmoa-e-Makalat International Seminar on Iqbal Studies
Statement of responsibility, etc. Riaz Hussain Sajid
260 ## - PUBLICATION, DISTRIBUTION, ETC.
Place of publication, distribution, etc. Lahore
Name of publisher, distributor, etc. khana Fahring Jamoriya Islami Iran
Date of publication, distribution, etc. 1996.
300 ## - PHYSICAL DESCRIPTION
Extent 325p.
500 ## - GENERAL NOTE
General note H.B
942 ## - ADDED ENTRY ELEMENTS (KOHA)
Source of classification or shelving scheme
Koha item type Book
Call number prefix IESE
Holdings
Withdrawn status Lost status Source of classification or shelving scheme Damaged status Not for loan Collection code Permanent Location Current Location Shelving location Date acquired Total Checkouts Full call number Barcode Date last seen Price effective from Koha item type
            Institute of Environmental Science and Engineering (IESE) Institute of Environmental Science and Engineering (IESE) Fiction 01/09/2018   891.439 SAJ IESE-3843 01/09/2018 01/09/2018 Book
© 2023 Central Library, National University of Sciences and Technology. All Rights Reserved.